000 00452nam a2200169Ia 4500
001 25984
003 IN-NITTTR
005 20251114233328.0
008 251113s9999||||xx |||||||||||||| ||eng||
040 _beng
040 _cIN-NITTTR
041 _aeng
082 _a621.3881 R27D
100 _aReimers, Ulrich
245 0 _aDigital video broadcasting (DVB) :
_b The international standard for digital television /
_cReimers, Ulrich
942 _2ddc
_cBK
999 _c28613
_d28613